| 000 | 00976nam a2200253 a 4500 | ||
|---|---|---|---|
| 001 | 84487 | ||
| 003 | BD-RjUL | ||
| 005 | 20241209110950.0 | ||
| 008 | 241209s2023 bg a|||| m||| 00| 0 eng d | ||
| 035 | _a(BD-RjUL)84487 | ||
| 040 |
_aBD-RjUL _beng _cBD-RjUL _dBD-RjUL |
||
| 041 | _aeng | ||
| 082 |
_a891.44092 _223 _bAKI 2023 |
||
| 100 |
_aAkhter, Tanjila _914627 |
||
| 245 | 1 | 0 |
_aIbsen studies in Bangladesh : _bTranslation and Adadaptation / _cBy Tanjila Akhter ; _6Supervisor : Md. Sakhawat Hossain |
| 260 |
_aRajshahi : _bInstitute of Bangladesh Studies (IBS), University of Rajshahi, _c2023 |
||
| 300 |
_ax, 108 Leaves : _bill, ; _c29 cm. |
||
| 502 | _aThesis (M. Phil.) -- Institute of Bangladesh Studies (IBS), University of Rajshahi, 2023 | ||
| 504 | _aBibliography : Leaves [103]-108 | ||
| 600 |
_d1184-1291 Ad. 1828-1906 Ad. _914628 |
||
| 650 |
_aBengali Literature _vHistory and Criticism |
||
| 700 |
_aHossain, Md. Sakhawat, Supervisor _914272 |
||
| 942 |
_2ddc _cTHE |
||
| 999 |
_c84487 _d84487 |
||